|
|
|
|
| LEADER |
00000nab a2200000 a 4500 |
| 001 |
vtls000722165 |
| 003 |
SK-MaSNL |
| 005 |
20260304132639.0 |
| 008 |
250429c2000 xo 0 slo |
| 015 |
|
|
|a SNBRB2000/05-13792
|
| 035 |
|
|
|a CLN000074332
|
| 035 |
|
|
|a urn:nbn:sk:snk-ab1kpz
|
| 035 |
|
|
|a (urnnbn)urn:nbn:sk:snk:ar-004bs2
|
| 035 |
|
|
|a (uuid)dfc508b0-2ce7-46ce-be42-20f0406f5032
|
| 040 |
|
|
|a SNKBUCL
|b slo
|c SNKBUCL
|e AACR2
|
| 041 |
0 |
|
|a ukr
|
| 044 |
|
|
|a xo
|c SK
|
| 080 |
|
|
|a 78.071.1
|2 1997
|
| 080 |
|
|
|a 929 Lysenko, Mykola
|2 1997
|
| 080 |
|
|
|a 78(437.1=83)
|2 1997
|
| 100 |
1 |
|
|a Hanus, Zdena
|4 aut
|9 1448246
|
| 245 |
1 |
0 |
|a Mykola Lysenko v Prazi
|c Zdena Hanus
|
| 300 |
|
|
|b Fotogr.
|
| 600 |
1 |
7 |
|a Lysenko, Mykola
|d 1842-1912
|z Praha (Česko)
|x pôsobenie
|2 snkbucl
|9 1448247
|
| 650 |
0 |
7 |
|a hudba ukrajinská
|z Praha (Česko)
|y stor. 19.
|2 snkbucl
|9 1448248
|
| 655 |
|
7 |
|a články z novín a časopisov
|2 snkbucl
|9 267496
|
| 773 |
0 |
|
|t Duklja
|g Roč. 48, č. 1 (2000), s. 52-54
|
| 850 |
|
|
|a Slovenská národná knižnica
|
| 852 |
|
|
|a Slovenská národná knižnica
|
| 958 |
|
|
|a article27
|
| 958 |
|
|
|a UA
|
| 958 |
|
|
|a CZ
|
| 958 |
|
|
|a OND
|
| 958 |
|
|
|a EUIPO
|
| 992 |
|
|
|a RBX
|
| 999 |
|
|
|c 2899343
|d 2901273
|